000 00786nam a22003017a 4500
999 _c313585
_d313585
001 27241
003 UA-OsUOA
005 20200322172224.0
007 ta
008 20040621b un ||||| |||| 00| 0 ukr d
020 _a5272002741
040 _aUA-OsUOA
_brus
_cUA-OsUOA
_dUA-OsUOA
041 _arus
044 _aRU
080 _a658(075.8)
090 _a658(075.8)
_bП32
100 _aПивоваров С. Э.
245 _aМеждународный менеджмент
_bучеб. пособ.
260 _aСПб.
_bПитер
_c2000
300 _a256 с.
650 7 _2UDC
700 _aМайзель А. И.
700 _aПивоваров И. С.
700 _aТумарова Т. Г.
700 _aЭпштейн М. З.
942 _cBK
_2udc
955 _a0